02256njm a2200373Ia 450000100060000000300090000600500170001500800410003204000130007304000130008604100130009910000110011210000180012310000380014124500370017925000110021626000110022726000370023830000100027550001980028550504370048351100880092051100370100851100360104551100640108151100180114551100340116351100180119765000470121570001810126270001240144370002290156770000860179623797IT-RoPAU20220918181121.0131025s9999 xx 000 0 und d aIT-RoPAU cIT-RoPAU aITALIANO aAA.VV. eAutore musica gCodice autore musica SPICS: 12000 aOpera per tutti (L')-Lp Svp 5002 a1a ed. aVARESE bEMI ITALIANAc1969 [1a Ed.:1969] aDISCO aMusica operistica. Musica lirica. Musica classica. Opera lirica, scelta dei migliori brani registrati dai più famosi interpreti della lirica per la prestigiosa serie la Voce del Padrone-Angel aAida: gloria all'Egitto; Celeste Aida (Verdi-Corelli F.) - Andrea Chenier: nemico della Patria; la mamma morta - Turandot: in quella reggia; nessun dorma - Il trovatore: vedi le fosche, notturne..; stride la vampa; di quella pira - Madama Butterfly: un bel dì vedremo (Puccini-Scotto) - Tosca: vissi d'arte; e lucean le stelle (Puccini) - Boheme: sì, mi chiamano Mimì (M. Freni) - Carmen: Habanera (Callas); Toreador (Massard) aCoro e Orchestra dell'Opera di Roma e Corelli Franco, tenore diretti da Mehta Zubin aSereni Mario e Stella Antonietta aNilsson Birgit e Corelli Franco aCoro e Orchestra dell'Opera di Roma diretta da Schippers T. aScotto Renata aCallas Maria e Bergonzi Carlo aFreni Mirella aOPERA [DISCHI]eCodice MATERIA SPICS: 9950 aVerdi GiuseppedCodice autore musica SPICS: 89eAutore musicapAida: gloria all'Egitto; Celeste Aida - Il Trovatore: vedi le fosche, notturne..; stride la vampa; di quella pira aGiordano UmbertodCodice autore musica SPICS: 13179eAutore musicapAndrea Chenier: nemico della Patria; la mamma morta aPuccini GiacomodCodice autore musica SPICS: 11082eAutore musicapTurandot: in quella reggia; nessun dorma - Madama Butterfly: un bel dì vedremo - Tosca: vissi d'arte; e lucean le stelle - Boheme: sì, mi chiamano Mimì aBizet GeorgesdCodice autore musica SPICS: 10724eAutore musicapCarmen: Habanera